[Event "104th ch-GBR 2017"]
[Site "Llandudno WLS"]
[Date "2017.08.04"]
[Round "7.37"]
[White "Sun, Xinyue"]
[Black "Brewer, Callum D"]
[Result "1-0"]
[WhiteTitle "WFM"]
[WhiteElo "2132"]
[BlackElo "2015"]
[WhiteFideId "8600813"]
[BlackFideId "435309"]
[EventDate "2017.07.29"]

1. e4 c6 2. d4 d5 3. Nd2 dxe4 4. Nxe4 Nd7 5. Bc4 Ngf6 6. Ng5 e6 7. Qe2 Nb6 8.
Bd3 Be7 9. N1f3 O-O 10. O-O c5 11. dxc5 Bxc5 12. Rd1 Qc7 13. Ne4 Nbd7 14. Bg5
Be7 15. Bb5 Nd5 16. c4 N5f6 17. Bxd7 Bxd7 18. Bxf6 Bxf6 19. Nxf6+ gxf6 20. Qd2
Bc6 21. Nd4 Rfd8 22. Qe2 Rac8 23. b3 Qf4 24. Nxc6 bxc6 25. Rd3 Rd4 26. Rxd4 Qxd4
27. Rd1 Qe5 28. Qd2 Rc7 29. h3 Rc8 30. Qd7 Qc7 31. Qd4 Qe7 32. Qd7 Rc7 33. Qxe7
Rxe7 34. Rd8+ Kg7 35. Rc8 f5 36. Rxc6 Kf6 37. Rd6 Rc7 38. f4 Ke7 39. Rd3 Kf6 40.
Kf2 h5 41. Ke3 Ke7 42. Kd4 a5 43. a3 f6 44. Re3 h4 45. b4 Rd7+ 46. Kc5 axb4 47.
axb4 Rd2 48. g3 Rf2 49. b5 hxg3 50. Rxg3 Rxf4 51. b6 Rh4 52. b7 Rh8 53. Rg7+ 1-0

[Event "104th ch-GBR 2017"]
[Site "Llandudno WLS"]
[Date "2017.08.04"]
[Round "7.39"]
[White "Humphreys, Jerry G"]
[Black "Maroroa, Sue"]
[Result "1-0"]
[BlackTitle "WIM"]
[WhiteElo "2041"]
[BlackElo "2116"]
[WhiteFideId "408158"]
[BlackFideId "4301498"]
[EventDate "2017.07.29"]

1. c4 Nf6 2. Nf3 g6 3. g3 Bg7 4. Bg2 O-O 5. Nc3 d6 6. O-O Nc6 7. d3 e5 8. Rb1 a5
9. a3 h6 10. b4 axb4 11. axb4 Be6 12. b5 Ne7 13. Bb2 Qd7 14. Re1 Bh3 15. Bh1 Ng4
16. Qb3 Kh7 17. Ra1 Rab8 18. d4 Qf5 19. dxe5 dxe5 20. e4 Qc8 21. Nd5 Re8 22. Bg2
Bxg2 23. Kxg2 Nxd5 24. cxd5 h5 25. Rec1 Qd7 26. Qc4 Kg8 27. h3 Nh6 28. Qxc7 Qxb5
29. Bxe5 Bxe5 30. Nxe5 Rbd8 31. Rab1 Qe2 32. Re1 Qd2 33. Nf3 Qd3 34. Qf4 Kg7 35.
Rxb7 Qa6 36. Reb1 Rd6 37. Qe3 Qa4 38. R1b4 Qa2 39. Qd4+ Kg8 40. Rb2 Qa5 41. Ra7
Ra6 42. Rbb7 Qa3 43. Ne5 Rxa7 44. Rxa7 Qf8 45. d6 Kh7 46. d7 Rd8 47. Nc6 Ng8 48.
Nxd8 Qxd8 49. Ra8 1-0

[Event "104th ch-GBR 2017"]
[Site "Llandudno WLS"]
[Date "2017.08.04"]
[Round "7.40"]
[White "Lam, Paul G M"]
[Black "Shepherd, Katherine M"]
[Result "1-0"]
[WhiteElo "2111"]
[BlackElo "1929"]
[WhiteFideId "411566"]
[BlackFideId "412031"]
[EventDate "2017.07.29"]

1. e4 e6 2. Nf3 d5 3. e5 c5 4. b4 cxb4 5. a3 bxa3 6. c3 a6 7. d4 Bd7 8. Bd3 Bb5
9. Bc2 f6 10. Bxa3 Bxa3 11. Nxa3 Bc6 12. h4 Qe7 13. Qb1 f5 14. g4 Nh6 15. gxf5
exf5 16. Bd3 O-O 17. Nc2 g6 18. Ne3 Rd8 19. h5 Qg7 20. Ng5 Re8 21. hxg6 hxg6 22.
f4 Re7 23. Ra2 Nf7 24. Nh7 Nd7 25. Bxf5 Nh6 26. Bxd7 Qxh7 27. Bxc6 bxc6 28. Rah2
Rb7 29. Qd3 Rab8 30. Rxh6 Rb1+ 31. Nd1 Qc7 32. Rh8+ Kf7 33. R1h7+ Ke6 34. Qxg6# 1-0

[Event "104th ch-GBR 2017"]
[Site "Llandudno WLS"]
[Date "2017.08.04"]
[Round "7.41"]
[White "Abrahams, Daniel"]
[Black "Zhu, Richard"]
[Result "1-0"]
[WhiteElo "2162"]
[BlackElo "2036"]
[WhiteFideId "2606879"]
[BlackFideId "426377"]
[EventDate "2017.07.29"]

1. c4 e6 2. g3 Nf6 3. Bg2 d5 4. Nf3 Be7 5. O-O O-O 6. b3 b6 7. cxd5 Nxd5 8. Bb2
Bb7 9. Nc3 Nxc3 10. Bxc3 c5 11. Qc2 Bf6 12. Ng5 Bxg5 13. Bxb7 Nd7 14. Bxa8 Qxa8
15. Rad1 Bf6 16. d4 Rc8 17. dxc5 Nxc5 18. Bxf6 gxf6 19. Rc1 Re8 20. Rfd1 e5 21.
Qf5 Ne6 22. Qxf6 Nd4 23. Rxd4 exd4 24. Qxd4 Rd8 25. Qg4+ Kh8 26. Qf5 Kg8 27. h4
Qd5 28. Qf6 Re8 29. Rc7 a5 30. e4 Qe6 31. e5 Qxf6 32. exf6 h5 33. Re7 Rc8 34.
Re5 Kh7 35. Rxh5+ Kg6 36. Rb5 Rc6 37. Kg2 Kxf6 38. g4 Kg7 39. Kg3 Rc3+ 40. f3
Rc2 41. a3 Rc6 42. g5 Rd6 43. Kg4 a4 44. f4 Rd3 45. bxa4 Rxa3 46. Rb4 Ra1 47. h5
Kg8 48. Kf5 Kg7 49. h6+ Kh7 50. Kf6 Kg8 51. f5 Rf1 52. Rxb6 Kh7 53. a5 Ra1 54.
a6 Ra5 55. Rc6 Ra4 1-0

[Event "104th ch-GBR 2017"]
[Site "Llandudno WLS"]
[Date "2017.08.04"]
[Round "7.42"]
[White "Coathup, Roger H"]
[Black "Golding, James"]
[Result "1-0"]
[WhiteElo "2151"]
[BlackElo "1942"]
[WhiteFideId "407062"]
[BlackFideId "427250"]
[EventDate "2017.07.29"]

1. d4 d5 2. c4 e6 3. Nc3 c5 4. cxd5 exd5 5. Nf3 Nc6 6. dxc5 d4 7. Na4 Bxc5 8.
Nxc5 Qa5+ 9. Bd2 Qxc5 10. Rc1 Qd6 11. Bc3 Bg4 12. Nxd4 Rd8 13. Nxc6 Qxc6 14. Qb3
Ne7 15. e3 O-O 16. Qb5 Qg6 17. f3 Qh6 18. Kf2 Bd7 19. Qxb7 Rfe8 20. Re1 Bc6 21.
Qxa7 Nf5 22. e4 Nd6 23. Qe3 Qg6 24. Bd3 f5 25. e5 Nf7 26. Bc4 Bd5 27. Bxd5 Rxd5
28. f4 Qh6 29. e6 Nd6 30. Qf3 Ne4+ 31. Rxe4 fxe4 32. Qxe4 Qxe6 33. Qxe6+ Rxe6
34. Re1 Rh6 35. h3 Kf7 36. Re5 Rd1 37. Rf5+ Kg8 38. Rg5 Rd7 39. a4 Re6 40. f5
Ra6 41. a5 Rf7 42. f6 g6 43. Rc5 Rfa7 44. b4 Kf7 45. g4 h6 46. h4 Re6 47. Kf3
Rd7 48. g5 hxg5 49. hxg5 Rd3+ 50. Kf2 Ree3 51. Rc7+ Kf8 52. Bd4 Rf3+ 53. Ke2 Ra3
54. Bc5+ Ke8 55. Re7+ 1-0

[Event "104th ch-GBR 2017"]
[Site "Llandudno WLS"]
[Date "2017.08.04"]
[Round "7.43"]
[White "Byron, Alan M"]
[Black "Kalaiyalahan, Akshaya"]
[Result "1-0"]
[BlackTitle "FM"]
[WhiteElo "2064"]
[BlackElo "2127"]
[WhiteFideId "401773"]
[BlackFideId "422894"]
[EventDate "2017.07.29"]

1. e4 c5 2. Nf3 Nc6 3. Bb5 g6 4. O-O Bg7 5. c3 Nf6 6. Re1 O-O 7. h3 a6 8. Bf1 d5
9. e5 Ne8 10. d4 cxd4 11. cxd4 Nc7 12. Nc3 b5 13. a3 Rb8 14. Be3 Na5 15. b4 Nc4
16. Bg5 h6 17. Bh4 Be6 18. Bg3 Rc8 19. Ne2 Bf5 20. Nc1 Na8 21. Nh4 Qd7 22. Nxf5
Qxf5 23. Bd3 Qe6 24. Ra2 Qb6 25. Nb3 e6 26. Nc5 Qc6 27. h4 Nab6 28. h5 g5 29.
Bb1 f5 30. exf6 Rxf6 31. Rae2 Re8 32. Qd3 Na4 33. Qh7+ Kf8 34. Nxa4 bxa4 35. Be5
Nxe5 36. dxe5 Rf4 37. Bd3 Rd8 38. Rc2 Qb6 39. Ree2 Rf7 40. Qg6 Qd4 41. Re1 Re8
42. Bxa6 Bxe5 43. Qxh6+ Rg7 44. Bb5 Rb8 45. Qxe6 Re7 46. Qf5+ Bf6 47. Rxe7 Kxe7
48. Rc7+ Kf8 49. Qe6 1-0

[Event "104th ch-GBR 2017"]
[Site "Llandudno WLS"]
[Date "2017.08.04"]
[Round "7.44"]
[White "Burrows, Martin P"]
[Black "Modi, Shyam Jagdish"]
[Result "1-0"]
[WhiteElo "2115"]
[BlackElo "1908"]
[WhiteFideId "409057"]
[BlackFideId "446025"]
[EventDate "2017.07.29"]

1. e4 c5 2. Nf3 e6 3. d4 cxd4 4. Nxd4 Nc6 5. Nb5 d6 6. c4 Nf6 7. N1c3 a6 8. Na3
Be7 9. Be2 O-O 10. O-O b6 11. Be3 Bb7 12. Rc1 Ne5 13. f3 Qc7 14. Qd2 Rac8 15.
Rfd1 Rfd8 16. Bf1 Ned7 17. Qf2 Re8 18. Kh1 Kh8 19. Nc2 Bd8 20. Nd4 Qb8 21. a3
Bc7 22. Qg1 Rg8 23. b4 Qa8 24. Nb3 g5 25. h3 h5 26. Qf2 Rg6 27. c5 bxc5 28. bxc5
dxc5 29. Nxc5 Nxc5 30. Bxc5 g4 31. Bd3 gxh3 32. gxh3 Rg3 33. Qf1 Rcg8 34. Bd4 e5
35. Be3 Qc8 36. Kh2 Rg2+ 37. Qxg2 Rxg2+ 38. Kxg2 h4 39. Kh2 Nh5 40. Ne2 Qb8 41.
Bc4 f5 42. Rg1 fxe4 43. Rg8+ Qxg8 44. Bxg8 exf3 45. Rxc7 fxe2 46. Bf2 1-0

[Event "104th ch-GBR 2017"]
[Site "Llandudno WLS"]
[Date "2017.08.04"]
[Round "7.45"]
[White "Jayawarna, Nugith"]
[Black "Stewart, Ashley"]
[Result "0-1"]
[WhiteElo "2054"]
[BlackElo "2111"]
[WhiteFideId "434884"]
[BlackFideId "419001"]
[EventDate "2017.07.29"]

1. c4 g6 2. g3 Bg7 3. Bg2 c5 4. Nc3 Nc6 5. e4 e6 6. Nge2 Nge7 7. d3 O-O 8. O-O
d6 9. h3 a6 10. a4 Rb8 11. f4 Qd7 12. Kh2 b6 13. g4 f5 14. exf5 exf5 15. g5 Bb7
16. Rb1 Rfe8 17. b3 Nd4 18. Nxd4 cxd4 19. Ne2 Bxg2 20. Kxg2 d5 21. Ba3 Nc6 22.
Ng3 Re3 23. Bc1 Re6 24. Re1 Rbe8 25. Rxe6 Rxe6 26. Qf3 Nb4 27. Bd2 Na2 28. Qxd5
Qxd5+ 29. cxd5 Rd6 30. Re1 Kf7 31. Re6 Rxe6 32. dxe6+ Kxe6 33. Kf2 Kd5 34. Ke1
Nc3 35. Bxc3 dxc3 36. Ne2 Kc5 37. Kd1 b5 38. axb5 axb5 39. Kc2 b4 40. Kd1 h6 41.
gxh6 Bxh6 42. Kc2 Kd5 43. h4 Bf8 44. Ng3 Ke6 45. h5 Kf6 46. hxg6 Kxg6 47. d4 Bd6
48. Ne2 Kh5 49. Kd3 Kg4 50. Ke3 Bf8 51. Nc1 Kg3 52. Ne2+ Kg2 53. d5 Bc5+ 54. Kd3
Kf3 55. Nc1 Kxf4 56. Kc4 Bd6 57. Kd4 Kf3 58. Kd3 Kf2 59. Ne2 Be5 60. Nc1 Ke1 61.
Kc2 Bd6 62. Nd3+ Ke2 63. Nc1+ Ke3 64. Kd1 f4 65. Ke1 Kd4 0-1

[Event "104th ch-GBR 2017"]
[Site "Llandudno WLS"]
[Date "2017.08.04"]
[Round "7.46"]
[White "Cocks, Elliot"]
[Black "Moore, Geoffrey R"]
[Result "1/2-1/2"]
[WhiteElo "2036"]
[BlackElo "2023"]
[WhiteFideId "444545"]
[BlackFideId "446181"]
[EventDate "2017.07.29"]

1. d4 Nf6 2. c4 g6 3. Nc3 Bg7 4. e4 d6 5. Nf3 O-O 6. Be2 Nbd7 7. O-O e5 8. Re1
c6 9. Rb1 exd4 10. Nxd4 Re8 11. Bf1 d5 12. cxd5 cxd5 13. Ndb5 a6 14. Nd6 Re6 15.
Nxc8 Rxc8 16. exd5 Rxe1 17. Qxe1 Nb6 18. Bg5 Nbxd5 19. Rd1 Qa5 20. Nxd5 Qxe1 21.
Nxf6+ Bxf6 22. Rxe1 Bxg5 23. Bd3 Rc1 24. Rxc1 Bxc1 25. b3 1/2-1/2

[Event "104th ch-GBR 2017"]
[Site "Llandudno WLS"]
[Date "2017.08.04"]
[Round "7.47"]
[White "Okhai, Shabir"]
[Black "Cole, James"]
[Result "1/2-1/2"]
[WhiteElo "2111"]
[BlackElo "1950"]
[WhiteFideId "445134"]
[BlackFideId "431818"]
[EventDate "2017.07.29"]

1. e4 c6 2. d4 d5 3. Nd2 dxe4 4. Nxe4 Bf5 5. Ng3 Bg6 6. h4 h6 7. Nf3 Nd7 8. h5
Bh7 9. Bd3 Bxd3 10. Qxd3 e6 11. Bd2 Ngf6 12. O-O-O Be7 13. Kb1 O-O 14. Ne4 Nxe4
15. Qxe4 Nf6 16. Qe2 Qc7 17. g4 Nxg4 18. Rdg1 f5 19. Qxe6+ Kh7 20. Re1 Bd6 21.
Nh4 Nxf2 22. Qg6+ Kh8 23. Rhg1 Nh3 24. Bxh6 Nxg1 25. Rxg1 Rf7 26. Nxf5 Bf8 27.
Bc1 Rf6 28. Qg5 Qf7 29. Nh4 Rd8 30. Qg4 Qe6 31. Ng6+ Kg8 32. Qg2 Rd7 33. Bf4 Bd6
34. Be5 Bxe5 35. dxe5 Rf5 36. h6 Rh5 37. Nf4 Qxe5 38. Nxh5 Qxh5 39. a3 Qxh6 40.
Qe4 Qh5 41. Qe6+ Qf7 42. Qe2 Re7 43. Qh2 Qe8 44. Qg3 b6 45. Rh1 Re6 46. Rd1 Qe7 1/2-1/2

[Event "104th ch-GBR 2017"]
[Site "Llandudno WLS"]
[Date "2017.08.04"]
[Round "7.48"]
[White "Anilkumar, Anantha P"]
[Black "Haridas, Girinath"]
[Result "1/2-1/2"]
[WhiteElo "1932"]
[BlackElo "1977"]
[WhiteFideId "424730"]
[BlackFideId "427144"]
[EventDate "2017.07.29"]

1. d4 g6 2. e4 Bg7 3. Nc3 d6 4. f4 a6 5. a4 Nd7 6. Nf3 e6 7. Bc4 h6 8. O-O Ne7
9. Be3 b6 10. Qe2 O-O 11. Qd2 Kh7 12. Rab1 Bb7 13. d5 exd5 14. Nxd5 Bxd5 15.
Bxd5 Nxd5 16. exd5 Nf6 17. Qd3 Qd7 1/2-1/2

[Event "104th ch-GBR 2017"]
[Site "Llandudno WLS"]
[Date "2017.08.04"]
[Round "7.49"]
[White "Howell, Oliver W"]
[Black "Ashworth, Michael"]
[Result "1/2-1/2"]
[WhiteElo "1701"]
[BlackElo "1946"]
[WhiteFideId "435929"]
[BlackFideId "425044"]
[EventDate "2017.07.29"]

1. Nf3 Nf6 2. c4 g6 3. g3 Bg7 4. Bg2 O-O 5. O-O d6 6. d4 Nc6 7. Nc3 a6 8. d5 Na5
9. Nd2 c5 10. Rb1 Ng4 11. Qc2 Ne5 12. b3 Rb8 13. Bb2 b5 14. Nd1 bxc4 15. Nxc4
Naxc4 16. bxc4 f6 17. f4 Nf7 18. e4 e5 19. Ne3 Bd7 20. f5 Bh6 21. Bc1 Rxb1 22.
Qxb1 Bxe3+ 23. Bxe3 gxf5 24. Bh3 f4 25. Bxd7 Qxd7 26. gxf4 Qh3 27. Qe1 Kh8 28.
Rf2 Rg8+ 29. Kh1 Nh6 30. Qe2 Rg3 31. Bd2 Ra3 32. Bc1 Rd3 33. fxe5 Ng4 34. Rg2
Nxe5 35. Bf4 Rc3 36. Bxe5 Rc1+ 37. Rg1 Rxg1+ 38. Kxg1 fxe5 39. Qf1 Qxf1+ 40.
Kxf1 Kg7 41. Kf2 Kg6 42. Kg3 Kg5 43. h4+ Kh5 44. Kh3 Kg6 45. Kg4 h5+ 46. Kf3 1/2-1/2

[Event "104th ch-GBR 2017"]
[Site "Llandudno WLS"]
[Date "2017.08.04"]
[Round "7.50"]
[White "Ahluwalia, Amardip"]
[Black "Hewson, Brian W R"]
[Result "1-0"]
[WhiteElo "1995"]
[BlackElo "2023"]
[WhiteFideId "437085"]
[BlackFideId "437484"]
[EventDate "2017.07.29"]

1. c4 e5 2. g3 Nc6 3. Bg2 g6 4. Nc3 Bg7 5. Rb1 d6 6. b4 Nf6 7. d3 O-O 8. Nf3 h6
9. O-O Be6 10. a4 Qd7 11. b5 Nd8 12. Ba3 Re8 13. Qb3 Bh3 14. Nd5 Bxg2 15. Kxg2
e4 16. Nd2 Nxd5 17. cxd5 e3 18. Nf3 c5 19. bxc6 bxc6 20. dxc6 Nxc6 21. Qd5 exf2
22. Rxf2 Rad8 23. Rb5 Ne7 24. Qb7 Nf5 25. Qxd7 Rxd7 26. e4 Nd4 27. Nxd4 Bxd4 28.
Rc2 Bg7 29. Rd5 Bf8 30. Rc6 Re5 31. Rxe5 dxe5 32. Rc8 1-0

[Event "104th ch-GBR 2017"]
[Site "Llandudno WLS"]
[Date "2017.08.04"]
[Round "7.51"]
[White "Davis, Lee"]
[Black "Garnett, John S"]
[Result "1/2-1/2"]
[WhiteElo "1952"]
[BlackElo "2005"]
[WhiteFideId "1801325"]
[BlackFideId "410829"]
[EventDate "2017.07.29"]

1. Nf3 d5 2. g3 Nf6 3. Bg2 c6 4. O-O Bf5 5. d4 e6 6. c4 dxc4 7. Nc3 Nbd7 8. Nh4
Bg6 9. Nxg6 hxg6 10. e4 Nb6 11. Be3 Qd7 12. a4 a5 13. d5 c5 14. Nb5 exd5 15.
exd5 Bd6 16. Re1 O-O 17. Rc1 Rac8 18. b4 cxb3 19. Nxd6 Qxd6 20. Qxb3 Nbxd5 21.
Red1 Rfd8 22. Bh3 Rc6 23. Bg5 Qc7 24. Bxf6 Nxf6 25. Rxd8+ Qxd8 26. Qxb7 Qc7 27.
Qa8+ Kh7 28. Rc4 g5 29. Qf8 Rd6 30. Bf5+ g6 31. Bc2 Rc6 32. h4 g4 33. h5 Nxh5
34. Rxg4 Rf6 35. Re4 Qd6 36. Re8 Qxf8 37. Rxf8 Kg7 38. Rc8 Ra6 39. Rxc5 Ra7 40.
Kg2 1/2-1/2

[Event "104th ch-GBR 2017"]
[Site "Llandudno WLS"]
[Date "2017.08.05"]
[Round "8.1"]
[White "Emms, John M"]
[Black "McShane, Luke J"]
[Result "1/2-1/2"]
[WhiteTitle "GM"]
[BlackTitle "GM"]
[WhiteElo "2468"]
[BlackElo "2644"]
[WhiteFideId "400254"]
[BlackFideId "404853"]
[EventDate "2017.07.29"]

1. e4 e5 2. Nf3 Nc6 3. Bc4 Bc5 4. c3 Nf6 5. d3 a6 6. Bb3 d6 7. h3 Ba7 8. Nbd2
O-O 9. Nf1 d5 10. Qe2 dxe4 11. dxe4 Nh5 12. g3 Qd6 13. Be3 Nf6 14. Rd1 Qe7 15.
Bxa7 Nxa7 16. g4 Be6 17. Ng3 Rad8 18. O-O Nc8 19. Qe3 Nd6 20. Qg5 Rfe8 21. Qxe5
Bxb3 22. Qxe7 Rxe7 23. axb3 Nfxe4 24. Rfe1 Rde8 25. Nxe4 Nxe4 26. Nd2 Nf6 27.
Rxe7 Rxe7 28. Nf3 Kf8 29. Kf1 Ke8 30. b4 Ne4 31. Rd4 f6 32. h4 Nd6 33. Nd2 Re6
34. f3 Ke7 35. Kf2 Re5 36. Nc4 Nxc4 37. Rxc4 c6 38. h5 f5 39. Rd4 h6 40. Rd3 Rb5
41. Rd2 fxg4 1/2-1/2

[Event "104th ch-GBR 2017"]
[Site "Llandudno WLS"]
[Date "2017.08.05"]
[Round "8.2"]
[White "Jones, Gawain C B"]
[Black "Pert, Nicholas"]
[Result "1-0"]
[WhiteTitle "GM"]
[BlackTitle "GM"]
[WhiteElo "2660"]
[BlackElo "2558"]
[WhiteFideId "409561"]
[BlackFideId "403989"]
[EventDate "2017.07.29"]

1. e4 e6 2. d4 d5 3. Nd2 Nf6 4. e5 Nfd7 5. Bd3 c5 6. c3 Nc6 7. Ngf3 g6 8. h4 Qb6
9. h5 Rg8 10. a3 Be7 11. hxg6 hxg6 12. Qa4 a6 13. Nf1 cxd4 14. cxd4 Qa5+ 15.
Qxa5 Nxa5 16. Rb1 Nf8 17. Bd2 Nc4 18. Bg5 Bd7 19. Ne3 Nxe3 20. fxe3 Rg7 21. Bf6
Rh7 22. Kd2 Bb5 23. Ng5 Bxd3 24. Kxd3 Rxh1 25. Rxh1 Rc8 26. Bxe7 Kxe7 27. Rf1 b5
28. Rxf7+ Ke8 29. Ra7 Rc6 30. g4 Nd7 31. Ra8+ Ke7 32. Rg8 Nf8 33. Rg7+ Ke8 34.
Nf7 Rc7 35. Nd6+ Kd8 36. Rg8 Ke7 37. Kd2 Rd7 38. Kc3 Rc7+ 39. Kb3 a5 40. Rg7+
Kd8 41. Rxc7 Kxc7 42. Nxb5+ Kb6 43. Nd6 Nd7 44. Nf7 Nf8 45. Ka4 Nd7 46. Nh8 Nf8
47. b4 axb4 48. Kxb4 1-0

[Event "104th ch-GBR 2017"]
[Site "Llandudno WLS"]
[Date "2017.08.05"]
[Round "8.3"]
[White "Hanley, Craig A"]
[Black "Gormally, Daniel W"]
[Result "1/2-1/2"]
[WhiteTitle "IM"]
[BlackTitle "GM"]
[WhiteElo "2441"]
[BlackElo "2462"]
[WhiteFideId "408514"]
[BlackFideId "406465"]
[EventDate "2017.07.29"]

1. Nf3 e6 2. g3 b6 3. Bg2 Bb7 4. b3 Nf6 5. O-O Be7 6. Bb2 O-O 7. c4 c5 8. Nc3
Ne4 9. Nxe4 Bxe4 10. d3 Bb7 11. Qd2 d6 12. e3 Nd7 13. Rfd1 Qc7 14. Rac1 f5 15.
d4 Be4 16. Ne1 Nf6 17. f3 Bb7 18. Nd3 Rae8 19. b4 cxb4 20. Qxb4 Kh8 21. d5 e5
22. Nxe5 Bd8 23. Nd3 Rxe3 24. Bd4 Ree8 25. Nf4 Bc8 26. Bf1 g5 27. Ne6 Bxe6 28.
dxe6 Rxe6 29. Qb1 f4 30. Qf5 Re5 31. Bxe5 dxe5 32. gxf4 gxf4 33. c5 Be7 34. cxb6
Bc5+ 35. Kh1 axb6 36. Re1 e4 37. Bg2 e3 38. Bf1 Nd7 39. Qe4 Qe5 40. Qb7 Nf6 41.
Bd3 Qd5 42. Qxd5 Nxd5 43. Red1 Nb4 44. Be4 Rg8 45. Rd7 Rg7 46. Rd8+ Rg8 47. Rd7
Rg7 48. Rxg7 Kxg7 49. a3 Na2 50. Rc2 Nc3 51. Rxc3 1/2-1/2

[Event "104th ch-GBR 2017"]
[Site "Llandudno WLS"]
[Date "2017.08.05"]
[Round "8.4"]
[White "Arkell, Keith C"]
[Black "Howell, David W L"]
[Result "0-1"]
[WhiteTitle "GM"]
[BlackTitle "GM"]
[WhiteElo "2424"]
[BlackElo "2702"]
[WhiteFideId "400270"]
[BlackFideId "410608"]
[EventDate "2017.07.29"]

1. d4 Nf6 2. Nf3 e6 3. c4 b6 4. g3 c6 5. Bg2 Be7 6. O-O O-O 7. Nc3 d5 8. Ne5 Ba6
9. cxd5 cxd5 10. Bf4 b5 11. a3 Qb6 12. Be3 Rc8 13. Re1 h6 14. Na2 Bb7 15. Nb4 a5
16. Nbd3 Na6 17. Rc1 Ne4 18. Nd7 Qd8 19. N7e5 Rxc1 20. Qxc1 Rc8 21. Qb1 Nd6 22.
Bd2 Nc4 23. Rd1 Bd6 24. Be1 Qf6 25. e3 Nb8 26. Rc1 Qe7 27. Qa2 f6 28. Ng6 Qf7
29. Ngf4 e5 30. Ne2 e4 31. Nc5 a4 32. b3 axb3 33. Qxb3 Bxc5 34. dxc5 Nd7 35.
Qxb5 Nxc5 36. Nd4 Ba6 37. Qb1 Nxa3 38. Qa2 Nc4 39. Bh3 Rb8 40. Rb1 Rxb1 41. Qxb1
Qe8 42. Bc3 Bc8 43. Qb8 Bd7 44. Qxe8+ Bxe8 45. Ne6 Na4 46. Bd4 Bd7 47. Kg2 Kf7
48. Nc7 Bxh3+ 49. Kxh3 Nab6 50. g4 Ke7 51. Kg3 Kd7 52. Bxb6 Nxb6 53. Nb5 Nc8 54.
Nd4 Ne7 55. h4 g6 56. f3 Kd6 57. Kf4 exf3 58. Nxf3 g5+ 59. hxg5 hxg5+ 60. Kg3
Nc6 61. Nd2 Kc5 62. Kh3 Ne5 63. Nf1 Kc4 64. Ng3 Kd3 65. Nf5 Nc4 66. Ng3 Kxe3 0-1

[Event "104th ch-GBR 2017"]
[Site "Llandudno WLS"]
[Date "2017.08.05"]
[Round "8.5"]
[White "Eggleston, David J"]
[Black "Hawkins, Jonathan"]
[Result "1/2-1/2"]
[WhiteTitle "IM"]
[BlackTitle "GM"]
[WhiteElo "2394"]
[BlackElo "2582"]
[WhiteFideId "412120"]
[BlackFideId "412686"]
[EventDate "2017.07.29"]

1. e4 d6 2. d4 Nf6 3. Nc3 Nbd7 4. Nf3 e5 5. Bc4 Be7 6. O-O c6 7. a4 Qc7 8. Re1
a5 9. h3 h6 10. b3 Nf8 11. Nh4 Ne6 12. Nf5 Nxd4 13. Nxd4 exd4 14. Qxd4 O-O 15.
Bb2 Be6 16. Bxe6 fxe6 17. e5 Nh5 18. Qg4 Rf5 19. exd6 Bxd6 20. Ne4 Bh2+ 21. Kh1
Be5 22. Bxe5 Qxe5 23. Ng5 Nf6 24. Rxe5 Nxg4 25. Rxf5 exf5 26. hxg4 hxg5 27. gxf5
Rd8 28. Kg1 Kf7 29. Kf1 Kf6 30. Re1 1/2-1/2

[Event "104th ch-GBR 2017"]
[Site "Llandudno WLS"]
[Date "2017.08.05"]
[Round "8.6"]
[White "Horton, Andrew P"]
[Black "Hebden, Mark L"]
[Result "1/2-1/2"]
[WhiteTitle "FM"]
[BlackTitle "GM"]
[WhiteElo "2324"]
[BlackElo "2477"]
[WhiteFideId "424269"]
[BlackFideId "400084"]
[EventDate "2017.07.29"]

1. Nf3 Nf6 2. c4 g6 3. g3 Bg7 4. Bg2 O-O 5. O-O d6 6. Nc3 e5 7. d3 Nc6 8. Rb1 a5
9. a3 Nd4 10. Nxd4 exd4 11. Nb5 Ne8 12. e3 dxe3 13. Bxe3 c6 14. Nc3 Nf6 15. Qb3
Bf5 16. Rbd1 Qd7 17. Bd4 h5 18. Ne4 Nh7 19. Bxg7 Kxg7 20. Qc3+ Kg8 21. Rfe1 Rfe8
22. Re3 Re6 23. Rde1 Qc7 24. Nd2 a4 25. Rxe6 Bxe6 26. Ne4 Re8 27. Nf6+ Nxf6 28.
Qxf6 Qe7 29. Qf4 Kg7 30. h4 Qf6 31. Qxf6+ Kxf6 32. Kf1 c5 33. Re2 Rb8 34. Ke1 b5
35. cxb5 Rxb5 36. Bc6 Ra5 37. Re4 Bb3 38. Kd2 d5 39. Re8 Ra6 40. Rc8 Ke5 41. Bb5
Rb6 42. Be8 Kd4 43. Rc6 Rxc6 44. Bxc6 Ke5 45. Be8 d4 46. Bc6 Kd6 47. Bb5 Ke7 48.
Bc6 f6 49. Be4 Kf7 50. Bc6 Ke7 51. Bb5 g5 52. Bc6 g4 53. Bb5 f5 54. Bc6 f4 55.
Bb5 f3 1/2-1/2

[Event "104th ch-GBR 2017"]
[Site "Llandudno WLS"]
[Date "2017.08.05"]
[Round "8.7"]
[White "Jackson, James P"]
[Black "Zhou, Yang-Fan"]
[Result "0-1"]
[WhiteTitle "FM"]
[BlackTitle "IM"]
[WhiteElo "2286"]
[BlackElo "2468"]
[WhiteFideId "416860"]
[BlackFideId "468584"]
[EventDate "2017.07.29"]

1. e4 c5 2. Nf3 Nc6 3. d4 cxd4 4. Nxd4 Nf6 5. Nc3 e5 6. Ndb5 d6 7. Bg5 a6 8. Na3
b5 9. Nd5 Be7 10. Bxf6 Bxf6 11. c4 b4 12. Nc2 Bg5 13. g3 O-O 14. Bg2 Qa5 15. O-O
Qc5 16. Kh1 Be6 17. f4 Bd8 18. b3 a5 19. Qd3 Ra7 20. Rad1 f6 21. f5 Bf7 22. g4
a4 23. Nde3 Bc7 24. g5 fxg5 25. f6 g6 26. Nd5 Bd8 27. Qh3 Nd4 28. Nxd4 exd4 29.
e5 dxe5 30. Qh6 Bxd5 31. Bxd5+ Kh8 32. f7 Be7 33. Rd3 g4 34. Rg3 Qc8 35. Rfg1
Ra6 36. Rxg4 Qf5 37. Rh4 Rxf7 38. Bxf7 Qxf7 39. Rhg4 Qf3+ 40. R1g2 axb3 41. Rg3
Qb7 42. Rh3 Bc5 43. Qg5 bxa2 44. Qxe5+ Kg8 0-1

[Event "104th ch-GBR 2017"]
[Site "Llandudno WLS"]
[Date "2017.08.05"]
[Round "8.8"]
[White "Ghasi, Ameet K"]
[Black "Palliser, Richard J D"]
[Result "1/2-1/2"]
[WhiteTitle "IM"]
[BlackTitle "IM"]
[WhiteElo "2467"]
[BlackElo "2408"]
[WhiteFideId "409200"]
[BlackFideId "407372"]
[EventDate "2017.07.29"]

1. Nf3 c5 2. g3 Nc6 3. Bg2 e5 4. O-O g6 5. c4 Bg7 6. Nc3 Nge7 7. d3 O-O 8. a3 d6
9. Rb1 a5 10. Bd2 Rb8 11. Qa4 Bd7 12. Rfc1 Nd4 13. Qd1 Bc6 14. e3 Ne6 15. b4
axb4 16. axb4 cxb4 17. Nb5 e4 18. Ne1 exd3 19. Bxb4 Nf5 20. Nxd3 Bxg2 21. Kxg2
Qd7 22. h4 Rfd8 23. Nc3 Rbc8 24. Nd5 Ne7 25. Qf3 Nxd5 26. Qxd5 Rc6 27. Ba5 Ra8
28. Bc3 Qc7 29. Bxg7 Kxg7 30. Rb5 Rc8 31. Qf3 Rxc4 32. Rxb7 Rxc1 33. Nxc1 Nf4+
34. gxf4 Qxc1 35. Qd5 Rc7 36. Rb6 Rd7 37. Qd4+ f6 38. Rxd6 Rxd6 39. Qxd6 f5 40.
h5 Qc8 41. Qe7+ Kh6 42. Qg5+ Kg7 43. Kg3 Qc1 44. Qe7+ Kh6 45. Kh2 Qd1 46. Qg5+
Kg7 47. h6+ Kf7 48. Qg2 Qh5+ 49. Qh3 Qd1 50. Kg2 Kf6 51. Qh4+ Ke6 52. f3 Qd3 53.
Qe1 Kd5 54. Qa5+ Kc6 55. Qa4+ Kb7 56. Qb4+ Kc6 57. Kf2 Qc2+ 58. Kg3 Qd1 59. Qc3+
Kb5 60. e4 Qg1+ 61. Kh3 Qh1+ 62. Kg3 Qg1+ 63. Kh3 Qh1+ 1/2-1/2